Шаблоны гипнотических техник Милтона Эриксона с точки зрения НЛП: пер. с англ.

Podrobná bibliografie
Hlavní autor: Бэндлер Р. Ричард
Další autoři: Гриндер Д. Джон
Jazyk:ruština
Vydáno: Симферополь, Реноме, 1999
Témata:
Médium: Kniha
KOHA link:https://koha.lib.tpu.ru/cgi-bin/koha/opac-detail.pl?biblionumber=30821

MARC

LEADER 00000nam0a2200000 4500
001 30821
005 20231030204142.0
010 |a 9667198316 
035 |a (RuTPU)RU\TPU\book\31096 
035 |a BOOK00000027 
090 |a 30821 
100 |a 20011209d1999 km y0rusy50 ca 
101 1 |a rus  |c eng 
102 |a UA 
105 |a y z 000zy 
200 1 |a Шаблоны гипнотических техник Милтона Эриксона с точки зрения НЛП  |e пер. с англ.  |f Р. Бэндлер, Д. Гриндер 
210 |a Симферополь  |c Реноме  |d 1999 
215 |a 206 с. 
610 1 |a психология 
610 1 |a личность 
610 1 |a НЛП 
610 1 |a нейролингвистическое программирование 
610 1 |a гипноз 
610 1 |a шаблоны 
686 |a Ю952  |a Ю96  |v LBC/SL-A  |2 rubbk 
700 1 |a Бэндлер  |b Р.  |g Ричард 
701 1 |a Гриндер  |b Д.  |g Джон 
801 0 |a UA  |b 63413507  |c 20011209  |g PSBO 
801 2 |a RU  |b 63413507  |c 20120416  |g PSBO 
942 |c BK